00314nam a2200133Ia 4500003000400000005001700004008004100021020001900062040002100081100001600102100000900118245004500127260000800172OSt20240219114359.0170524s9999 xx 000 0 und d a978-9339221836 cIIMT UNIVERSITY  aKAZMI AZHAR c2012 0aSTRATEGIC MANAGEMENT AND BUSINESS POLICY aTMH